书目信息 |
| 题名: |
计算机密码学
|
|
| 作者: | 杨晓云 , 魏立线 主编 | |
| 分册: | ||
| 出版信息: | 西安 西安交通大学出版社 2007.03 |
|
| 页数: | 201页 | |
| 开本: | 23cm | |
| 丛书名: | ||
| 单 册: | ||
| 中图分类: | TP309 | |
| 科图分类: | ||
| 主题词: | 密码术--mi ma shu--高等学校--教材 | |
| 电子资源: | ||
| ISBN: | 978-7-5605-2477-1 | |
| 000 | 00893nam0 2200253 450 | |
| 001 | 012007459640 | |
| 005 | 20071011132725.14 | |
| 010 | @a978-7-5605-2477-1@dCNY22.00 | |
| 100 | @a20070817d2007 km y0chiy0120 ea | |
| 101 | 0 | @achi |
| 102 | @aCN@b610000 | |
| 105 | @ay a 000yy | |
| 200 | 1 | @a计算机密码学@Aji suan ji mi ma xue@f杨晓云, 魏立线主编@Fyang xiao yun,wei li xian zhu bian |
| 210 | @a西安@c西安交通大学出版社@d2007.03 | |
| 215 | @a201页@d23cm | |
| 300 | @a高等学校信息安全专业通用教材 | |
| 320 | @a有书目。 | |
| 330 | @a本书内容涉及计算机密码学中的基础理论和应用协议,包括密码学的基本概念、分组密码原理及算法、序列密码、公钥密码及算法、数字签名及认证、安全协议等知识。 | |
| 606 | 0 | @a密码术@Ami ma shu@x高等学校@j教材 |
| 690 | @aTP309@v4 | |
| 701 | 0 | @a杨晓云@Ayang xiao yun@4主编 |
| 701 | 0 | @a魏立线@Awei li xian@4主编 |
| 801 | 0 | @aCN@c20071011 |
| 905 | @dTP309@eY308 | |
| 计算机密码学/杨晓云, 魏立线主编.-西安:西安交通大学出版社,2007.03 |
| 201页;23cm |
| 高等学校信息安全专业通用教材 |
| ISBN 978-7-5605-2477-1:CNY22.00 |
| 本书内容涉及计算机密码学中的基础理论和应用协议,包括密码学的基本概念、分组密码原理及算法、序列密码、公钥密码及算法、数字签名及认证、安全协议等知识。 |
| ● |
| 相关链接 |
|
|
|
正题名:计算机密码学
索取号:TP309/Y308
 
预约/预借
| 序号 | 登录号 | 条形码 | 馆藏地/架位号 | 状态 | 备注 |
| 1 | 254207 | 202542070 | 自科二线404/404自科库 18排6列4层/ [索取号:TP309/Y308] | 在馆 | |
| 2 | 254208 | 202542089 | 自科库301/301自科库 46排4列4层/ [索取号:TP309/Y308] | 在馆 | |
| 3 | 254209 | 202542098 | 自科库301/301自科库 46排4列4层/ [索取号:TP309/Y308] | 在馆 |